FOOTBALL - Compositions Finale de Coupe du Monde 2022 - Statistiques

Statistiques générales
  • Ce quiz a été pris 75 fois
  • Le résultat moyen est 28 sur 37
Statistiques - réponses
Équipe Poste Nom % Correct
France COACH Didier Deschamps
100%
France Gardien de but Hugo Lloris
100%
France Allier gauche Kylian Mbappé
100%
Argentine Ailier droit Lionel Messi
99%
France Buteur Olivier Giroud
99%
France Latéral gauche Théo Hernandez
97%
France Milieu central Aurélien Tchouaméni
96%
France Défenseur central Dayot Upamecano
96%
Argentine Gardien de But Emiliano Martínez
96%
Argentine Remplaçant (Attaquant) Lautaro Martínez
96%
France Ailier droit Ousmane Dembélé
96%
France Milieu offensif central Antoine Griezmann
94%
France Défenseur central Raphaël Varane
94%
France Remplaçant (Attaquant) Randal Kolo Muani
93%
France Latéral droit Jules Koundé
91%
France Milieu central Adrien Rabiot
90%
Argentine Ailier gauche Ángel Di María
90%
France Remplaçant (Milieu) Eduardo Camavinga
86%
France Remplaçant (Défenseur) Ibrahima Konaté
86%
France Remplaçant (Attaquant) Marcus Thuram
81%
France Remplaçant (Attaquant) Kingsley Coman
79%
Argentine Buteur Julián Álvarez
74%
Argentine Défenseur central Nicolás Otamendi
71%
Argentine Milieu défensif central Enzo Fernández
69%
Argentine Latéral gauche Nicolás Tagliafico
64%
Argentine Milieu central Rodrigo De Paul
64%
Argentine Latéral droit Nahuel Molina
63%
Argentine Milieu central Alexis Mac Allister
61%
Argentine Défenseur central Cristian Romero
54%
Argentine Remplaçant (Attaquant) Paulo Dybala
51%
Argentine Remplaçant (Milieu) Leandro Paredes
50%
Argentine COACH Lionel Scaloni
49%
France Remplaçant (Milieu) Youssouf Fofana
47%
France Remplaçant (Défenseur) Axel Disasi
41%
Argentine Remplaçant (Attaquant) Marcos Acuña
39%
Argentine Remplaçant (Défenseur) Gonzalo Montiel
34%
Argentine Remplaçant (Défenseur) Germán Pezzella
6%
Aucun quiz correspondant
Distribution des résultats
% des personnes avec chaque résultat
Percentile par nombre de réponses
Votre historique - résultats
Vous n’avez pas pris ce quiz